[Event "2LD 24/25,Rychnov n/Kn-Lipa"]
[Site ""]
[Date "2025.02.09"]
[Round "8.4"]
[White "Safarik, Jakub"]
[Black "Zelbova, Lada"]
[WhiteElo "2148"]
[BlackElo "1994"]
[Result "1-0"]
[PlyCount "77"]

1. Nf3 Nf6 2. c4 e6 3. g3 d5 4. d4 c5 5. Bg2 Nc6 6. O-O dxc4 7. dxc5 Qxd1 8.
Rxd1 Bxc5 9. Nbd2 c3 10. bxc3 e5 11. Ng5 Bf5 12. Nde4 Nxe4 13. Nxe4 Bxe4 14.
Bxe4 Rd8 15. Bb2 Ke7 16. c4 f6 17. e3 Rxd1+ 18. Rxd1 Rd8 19. Rxd8 Kxd8 20. Bxh7
Nb4 21. a3 Nc6 22. Be4 Na5 23. Bd5 Kc7 24. Kf1 Kb6 25. Ke2 Nc6 26. Bxc6 Kxc6
27. Kd3 Kd6 28. g4 a5 29. h4 Ke6 30. f4 a4 31. fxe5 fxe5 32. Ke4 Bd6 33. h5 Kf6
34. Kd5 Bc7 35. e4 Bb8 36. Bxe5+ Bxe5 37. g5+ Kxg5 38. Kxe5 Kxh5 39. Kd6 1-0

[Event "2LD 24/25,Rychnov n/Kn-Lipa"]
[Site ""]
[Date "2025.02.09"]
[Round "8.5"]
[White "Majocha, Piotr"]
[Black "Szucs, Matyas"]
[WhiteElo "2035"]
[BlackElo "2107"]
[Result "0-1"]
[PlyCount "88"]

1. Nf3 d5 2. c4 e6 3. g3 Nf6 4. Bg2 Be7 5. O-O O-O 6. b3 b6 7. Bb2 Bb7 8. Ne5
Nbd7 9. d4 Rc8 10. Nc3 c5 11. Nxd7 Qxd7 12. cxd5 exd5 13. Qd3 c4 14. Qf3 b5 15.
bxc4 Rxc4 16. Qd3 Rfc8 17. Rfc1 b4 18. Nd1 Ba6 19. Qd2 Bb5 20. Ne3 a5 21. a3
Rxc1+ 22. Bxc1 Bc4 23. axb4 axb4 24. Bb2 h6 25. Rc1 Qb5 26. Nf5 Bf8 27. Qf4 Rc6
28. e4 dxe4 29. Bxe4 Nxe4 30. Qxe4 Bd5 31. Qb1 Qe2 32. Ne3 Rxc1+ 33. Qxc1 Be4
34. Ng2 Qf3 35. Qf1 Bd6 36. h4 f5 37. Bc1 b3 38. Kh2 Kh7 39. Qg1 g5 40. Ne1 Qg4
41. f3 Qxh4+ 42. Kg2 Qxg3+ 43. Kf1 Qxg1+ 44. Kxg1 Bb4 0-1

[Event "2LD 24/25,Rychnov n/Kn-Lipa"]
[Site ""]
[Date "2025.02.09"]
[Round "8.6"]
[White "Sedivy, Martin"]
[Black "Zelba, Lukas"]
[WhiteElo "2137"]
[BlackElo "2083"]
[Result "1-0"]
[PlyCount "79"]

1. Nf3 d5 2. d4 e6 3. g3 Nf6 4. Bg2 Nbd7 5. O-O c6 6. b3 b5 7. c4 bxc4 8. bxc4
Ba6 9. Nbd2 dxc4 10. Qc2 c3 11. Qxc3 Bxe2 12. Re1 Nd5 13. Qxc6 Nb4 14. Qa4 Bd3
15. Ne5 Rb8 16. Bc6 Nxc6 17. Nxd3 Nb4 18. Ne5 Be7 19. a3 Nd5 20. Nc6 N7b6 21.
Qb3 Qc7 22. Nxb8 Qxb8 23. Qb5+ Nd7 24. Qxb8+ Nxb8 25. Ne4 Nc6 26. Be3 f5 27.
Nc5 Bxc5 28. dxc5 Kd7 29. Rab1 Rb8 30. Rxb8 Nxb8 31. Rb1 Kc8 32. Bd4 g6 33. Be5
Nc6 34. Bd6 e5 35. Kg2 e4 36. h4 h6 37. h5 gxh5 38. Rh1 Nf6 39. Bf4 Nd4 40. Be5
 1-0

[Event "2LD 24/25,Rychnov n/Kn-Lipa"]
[Site ""]
[Date "2025.02.09"]
[Round "8.7"]
[White "Machlowski, Slawomir"]
[Black "Sucharda, David"]
[WhiteElo "1964"]
[BlackElo "2090"]
[Result "1-0"]
[PlyCount "89"]

1. g3 c5 2. Bg2 Nf6 3. Nf3 g6 4. c4 Bg7 5. Nc3 d5 6. cxd5 Nxd5 7. O-O O-O 8.
Qb3 Nb6 9. d3 Nc6 10. Ng5 h6 11. Nge4 c4 12. dxc4 Nd4 13. Qd1 Nxc4 14. Qd3 Ne5
15. Qd2 Bg4 16. Kh1 Nxe2 17. Nxe2 Qxd2 18. Bxd2 Bxe2 19. Rfe1 Bf3 20. Nc5 b6
21. Bc3 Bxg2+ 22. Kxg2 Nc6 23. Bxg7 Kxg7 24. Na6 Rfd8 25. Rac1 Rd6 26. b4 e6
27. b5 Nd4 28. a4 Rad8 29. Rc7 R6d7 30. Rec1 Kf6 31. R1c4 e5 32. Nb4 Ke7 33.
Nd5+ Kd6 34. Rxd7+ Rxd7 35. Nf6 Rd8 36. f3 Ke6 37. Ne4 f5 38. Nc3 Kd6 39. f4
Rd7 40. Kf2 Ke6 41. fxe5 Kxe5 42. Rc8 Ne6 43. Re8 Rd3 44. Ne2 Kf6 45. Rxe6+ 1-0

[Event "2LD 24/25,Rychnov n/Kn-Lipa"]
[Site ""]
[Date "2025.02.09"]
[Round "8.8"]
[White "Flasar, Jaroslav"]
[Black "Cermak, Miroslav"]
[WhiteElo "2044"]
[BlackElo "1886"]
[Result "1/2-1/2"]
[PlyCount "83"]

1. e4 b6 2. g3 Bb7 3. Bg2 e6 4. d3 Be7 5. Nc3 d6 6. f4 Nd7 7. Nf3 a6 8. Be3
Ngf6 9. Qe2 c5 10. Bd2 h6 11. e5 Nh7 12. exd6 Bxd6 13. Ne4 Be7 14. f5 e5 15.
Bc3 Qc7 16. O-O O-O-O 17. Rab1 Nhf6 18. Ned2 Rhe8 19. Rfe1 Bd6 20. Nc4 e4 21.
Nxd6+ Qxd6 22. dxe4 Nxe4 23. Qc4 Nxc3 24. Qxc3 f6 25. Rbd1 Qc7 26. Re6 Nf8 27.
Rxe8 Rxe8 28. Nh4 Qe7 29. Bxb7+ Kxb7 30. Qf3+ Kc7 31. Ng2 Qe4 32. Qxe4 Rxe4 33.
Nf4 Re5 34. Nh5 Re2 35. Nxg7 Nd7 36. Ne6+ Kc8 37. Rf1 Rxc2 38. Rf2 Rc1+ 39. Kg2
Rd1 40. Rc2 a5 41. a3 Kb7 42. Kh3 1/2-1/2

[Event "2LD 24/25,Univerzita Brno-Policka"]
[Site ""]
[Date "2025.02.09"]
[Round "8.1"]
[White "Gajdos, Daniel"]
[Black "Cerveny, Petr"]
[WhiteElo "2148"]
[BlackElo "2264"]
[Result "0-1"]

1.Nf3 Nf6 2.g3 b6 3.Bg2 Bb7 4.O-O g6 5.b3 Bg7 6.Bb2 c5 7.c4 O-O 8.d4 cxd4 9.
Nxd4 Bxg2 10.Kxg2 Qc8 11.Nc3 Qb7+ 12.Nf3 d6 13.Qd2 Nbd7 14.Nd5 Nxd5 15.Bxg7
Kxg7 16.cxd5 Nf6 17.Rad1 a5 18.Rfe1 a4 19.b4 Rac8 20.e4 Rc4 21.Nd4 Kg8 22.b5
Rfc8 23.Nc6 Rxe4 24.Rxe4 Nxe4 25.Qe3 Nc5 26.Nxe7+ Kf8 27.Nxc8 Qxc8 28.Re1 Qd8
29.Qd4 Kg8 30.h4 h5 31.Re3 Nd7 32.Qxa4 Ne5 33.Qd4 Ng4 34.Rc3 Ne5 35.a4 Kh7 36.
a5 bxa5 37.b6 Qd7 38.Rc7 Qb5 39.Rc2 Nd3 40.Rd2 Ne1+ 0-1

[Event "2LD 24/25,Univerzita Brno-Policka"]
[Site ""]
[Date "2025.02.09"]
[Round "8.2"]
[White "Cesenek, Jan"]
[Black "Zdrazil, Jan"]
[WhiteElo "2082"]
[BlackElo "2045"]
[Result "0-1"]

1.e4 c5 2.Nf3 d6 3.d4 cxd4 4.Nxd4 Nf6 5.Nc3 a6 6.f3 e5 7.Nb3 Be6 8.Be3 Be7 9.
g4 O-O 10.Qd2 d5 11.g5 d4 12.gxf6 Bxf6 13.O-O-O dxe3 14.Qxd8 Rxd8 15.Nc5 Nc6
16.Nxb7 Bg5 17.Be2 Rd2 18.h4 Be7 0-1

[Event "2LD 24/25,Univerzita Brno-Policka"]
[Site ""]
[Date "2025.02.09"]
[Round "8.3"]
[White "Lakatos, Tomas"]
[Black "Novak, Ales"]
[WhiteElo "2058"]
[BlackElo "2081"]
[Result "0-1"]

1.f4 d5 2.Nf3 g6 3.e3 Bg7 4.d4 c5 5.c3 Nf6 6.Bd3 b6 7.Qe2 O-O 8.O-O a5 9.Nbd2
Ba6 10.a4 Bxd3 11.Qxd3 e6 12.b3 Qc7 13.Ne5 Rc8 14.Bb2 Nc6 15.Rac1 Qb7 16.Ba3
Bf8 17.Bb2 Bg7 18.Ba3 Bf8 19.Bb2 Be7 20.Qe2 Qa6 21.Qxa6 Rxa6 22.Nxc6 Rxc6 23.
Kf2 Ng4+ 0-1

[Event "2LD 24/25,Univerzita Brno-Policka"]
[Site ""]
[Date "2025.02.09"]
[Round "8.4"]
[White "Houska, Bronislav"]
[Black "Kisa, Lubomir"]
[WhiteElo "2006"]
[BlackElo "2133"]
[Result "0-1"]

1.Nf3 d5 2.c4 c6 3.g3 Nf6 4.Bg2 Bf5 5.O-O e6 6.b3 Nbd7 7.Bb2 Be7 8.d3 O-O 9.
Nbd2 a5 10.a3 h6 11.Rc1 Bh7 12.Rc2 Qb6 13.Qa1 c5 14.cxd5 exd5 15.Ne5 Nxe5 16.
Bxe5 Qe6 17.e4 dxe4 18.dxe4 a4 19.Rb1 b6 20.f3 Rfd8 21.Bf1 axb3 22.Nxb3 Qc6
23.Nd2 Qa4 24.Ra2 c4 25.Qc3 b5 26.Rab2 Qxa3 27.Rxb5 Qxc3 28.Bxc3 Ra3 29.Ba5
Rxa5 30.Rxa5 Rxd2 31.Ra8+ Bf8 32.Rbb8 Nd7 33.Bxc4 Nxb8 34.Rxb8 Rd7 35.Kf2 g5
36.Ke3 Kg7 37.Rc8 Bd6 38.Bd5 Rc7 39.Rd8 Bc5+ 40.Kd3 Bg1 41.h3 Bh2 42.g4 Be5
43.Ra8 Rc3+ 44.Ke2 Bf4 45.Ra7 Rc2+ 46.Kd3 Rd2+ 47.Kc4 Bg6 48.Re7 Kf6 49.Rb7 Rh2
50.Rb6+ Kg7 0-1

[Event "2LD 24/25,Univerzita Brno-Policka"]
[Site ""]
[Date "2025.02.09"]
[Round "8.5"]
[White "Svehla, Karel"]
[Black "Kastner, Oldrich"]
[WhiteElo "2080"]
[BlackElo "2040"]
[Result "1-0"]

1.e4 e6 2.d4 d5 3.Nd2 Nf6 4.e5 Nfd7 5.Bd3 c5 6.c3 Nc6 7.Ne2 a6 8.f4 b5 9.O-O
Qb6 10.Nf3 a5 11.Kh1 cxd4 12.cxd4 f5 13.exf6 Nxf6 14.Be3 g6 15.Rc1 Bg7 16.Ne5
Bb7 17.Nc3 O-O 18.Bxb5 Nxe5 19.fxe5 Ne4 20.Qe2 Rxf1+ 21.Rxf1 Nxc3 22.bxc3 a4
23.Bg5 Rc8 24.Be7 Rxc3 25.Bc5 Rxc5 26.dxc5 Qxc5 27.Bxa4 d4 28.Bb3 Qc6 29.Rf2
Bxe5 30.Qc4 d3 31.Qxe6+ Qxe6 32.Bxe6+ Kg7 33.Rf7+ 1-0

[Event "2LD 24/25,Univerzita Brno-Policka"]
[Site ""]
[Date "2025.02.09"]
[Round "8.6"]
[White "Lorenc, Oldrich"]
[Black "Jelinek, Ota"]
[WhiteElo "2028"]
[BlackElo "2111"]
[Result "0-1"]

1.c4 f5 2.Nc3 Nf6 3.g3 g6 4.Bg2 Bg7 5.d4 d6 6.Nf3 O-O 7.O-O c6 8.Rb1 a5 9.a3
Na6 10.b4 axb4 11.axb4 Ne4 12.Nxe4 fxe4 13.Ng5 d5 14.b5 Nc7 15.cxd5 cxd5 16.
Qb3 e6 17.Be3 Qe7 18.b6 Ra3 19.Qb2 Na6 20.Nh3 Ra4 21.Rfd1 Bd7 22.Bf4 Rc8 23.e3
Rc6 24.Qe2 Rb4 25.f3 exf3 26.Qxf3 Rcxb6 27.Rbc1 Rc6 28.Bg5 Qf8 29.Qg4 Qf5 30.
Qh4 Rxc1 31.Rxc1 Rb1 32.Rxb1 Qxb1+ 33.Kf2 Qc2+ 34.Kf3 Bb5 35.Nf4 Nb4 36.Bh3
Qd1+ 37.Kf2 Nd3+ 38.Nxd3 Bxd3 39.Bxe6+ Kh8 40.g4 Qf1+ 41.Kg3 Be4 42.Qh3 Qe1+
 0-1

[Event "2LD 24/25,Univerzita Brno-Policka"]
[Site ""]
[Date "2025.02.09"]
[Round "8.7"]
[White "Ibrahim, Emad"]
[Black "Stodola, Marek"]
[WhiteElo "2031"]
[BlackElo "1966"]
[Result "1-0"]

1.e4 c5 2.Nc3 e6 3.g3 Nc6 4.Bg2 Nge7 5.f4 d5 6.d3 dxe4 7.dxe4 Qxd1+ 8.Nxd1 b6
9.Ne3 Ba6 10.Nf3 Nd4 11.Bd2 Rd8 12.c3 Nxf3+ 13.Bxf3 g6 14.O-O-O Bg7 15.g4 O-O
16.h4 Rd7 17.h5 Rfd8 18.g5 b5 19.h6 Bf8 20.Ng4 Rc7 21.Be3 Nc6 22.Nf6+ Kh8 23.
Rxd8 Nxd8 24.Rd1 Be7 25.Ne8 Rc8 26.Rd7 Nc6 27.Nc7 Bb7 28.Nxb5 Ba6 29.Nxa7 Rd8
30.Rxd8+ Nxd8 31.e5 c4 32.Kc2 Kg8 33.Nc6 Nxc6 34.Bxc6 Kf8 35.b4 cxb3+ 36.axb3
 1-0

[Event "2LD 24/25,Univerzita Brno-Policka"]
[Site ""]
[Date "2025.02.09"]
[Round "8.8"]
[White "Sodomka, Adam"]
[Black "Uhmann, Jan"]
[WhiteElo "1924"]
[BlackElo "1968"]
[Result "0-1"]

1.e4 e5 2.Nf3 Nc6 3.Bc4 Bc5 4.b4 Bxb4 5.c3 Bf8 6.d4 exd4 7.O-O d3 8.Qb3 Qf6 9.
Bxd3 Bc5 10.e5 Nxe5 11.Nxe5 Qxe5 12.Bc4 Qf5 13.Ba3 Bxa3 14.Nxa3 c6 15.Rfe1+ Ne7
16.Qb4 Qf6 17.Nc2 a5 18.Qc5 d6 19.Qe3 d5 20.Bd3 Be6 21.Nd4 O-O 22.Nxe6 fxe6
23.Qxe6+ Qxe6 24.Rxe6 Rf7 25.Rb1 b5 26.a4 b4 27.cxb4 axb4 28.Rxb4 c5 29. Rb7
Ng6 30.Rxf7 Kxf7 31.Ra6 Rb8 32.g3 Ne5 33.Bxh7 c4 34.Rd6 d4 35.f4 Nf3+ 36. Kf2
Ke7 37.Rd5 Rb3 38.Be4 c3 39.Bc2 Nd2 40.Rxd4 Rb2 41.Rxd2 cxd2 42.Bd1 Kd6 43.Ke3
Kc5 44.Kd3 Ra2 45.g4 Ra3+ 46.Kxd2 Rh3 47.Be2 Kd4 48.a5 Ra3 49.f5 Ra2+ 50.Ke1
Ke3 51.Bd1 Rxh2 0-1

[Event "2LD 24/25,Jihlava A-Lanskroun"]
[Site ""]
[Date "2025.02.09"]
[Round "8.1"]
[White "Rybackova, Lucie"]
[Black "Vyprachticky, David"]
[WhiteElo "2113"]
[BlackElo "2297"]
[Result "1/2-1/2"]
[PlyCount "103"]

1. Nf3 d5 2. g3 Nf6 3. Bg2 e6 4. O-O Be7 5. d4 O-O 6. c4 dxc4 7. Qc2 b5 8. a4
b4 9. Nfd2 Nd5 10. Nxc4 Ba6 11. Rd1 c5 12. e4 Nf6 13. d5 Bxc4 14. Qxc4 exd5 15.
exd5 Bd6 16. Nd2 Nbd7 17. Qc2 Rc8 18. Nc4 Ne8 19. b3 Ne5 20. Bb2 Nxc4 21. Qxc4
Be7 22. Qg4 Bf6 23. Bxf6 Nxf6 24. Qf4 Qd7 25. d6 Rfd8 26. Rd3 h5 27. Rad1 a5
28. Qh4 Qg4 29. Qxg4 hxg4 30. Rc1 Rd7 31. h3 Rcd8 32. Rxc5 Rxd6 33. Rxd6 Rxd6
34. Rxa5 Rd1+ 35. Kh2 Rb1 36. Bd5 Nxd5 37. Rxd5 Rxb3 38. hxg4 Ra3 39. a5 b3 40.
Rb5 b2 41. Rxb2 Rxa5 42. Kg2 g6 43. f4 Kg7 44. Rb3 Kf6 45. Kf3 Ra4 46. Re3 Rb4
47. g5+ Kg7 48. g4 Rb5 49. Rd3 Ra5 50. Ke4 Ra4+ 51. Rd4 Ra1 52. Rd3 1/2-1/2

[Event "2LD 24/25,Jihlava A-Lanskroun"]
[Site ""]
[Date "2025.02.09"]
[Round "8.2"]
[White "Kupsa, Matej"]
[Black "Sedlacek, Oldrich"]
[WhiteElo "2105"]
[BlackElo "2132"]
[Result "1/2-1/2"]
[PlyCount "32"]

1. d4 d5 2. Nf3 c6 3. c4 Nf6 4. Nc3 dxc4 5. e3 b5 6. a4 b4 7. Nb1 e6 8. Bxc4
Nbd7 9. O-O Be7 10. Nbd2 c5 11. Nb3 O-O 12. dxc5 Nxc5 13. Nxc5 Bxc5 14. b3 Bb7
15. Bb2 Qe7 16. Qe2 Rfd8 1/2-1/2

[Event "2LD 24/25,Jihlava A-Lanskroun"]
[Site ""]
[Date "2025.02.09"]
[Round "8.3"]
[White "Kulovana, Eva"]
[Black "Pokorny, Tomas"]
[WhiteElo "2112"]
[BlackElo "2216"]
[Result "1/2-1/2"]
[PlyCount "87"]

1. e4 c5 2. Nf3 e6 3. b3 b6 4. Bb2 Bb7 5. d3 Nc6 6. g3 Nf6 7. Bg2 d5 8. e5 Nd7
9. O-O Be7 10. Nbd2 Qc7 11. Re1 g5 12. h3 O-O-O 13. Qe2 h5 14. Nf1 Rdg8 15. a3
d4 16. c3 g4 17. hxg4 hxg4 18. N3h2 Ncxe5 19. Bxb7+ Qxb7 20. cxd4 Nf3+ 21. Nxf3
gxf3 22. Qe4 Bf6 23. Qxb7+ Kxb7 24. Nd2 Bxd4 25. Bxd4 cxd4 26. Nxf3 Nc5 27. b4
Nxd3 28. Red1 Nf4 29. Nxd4 Nd5 30. Rac1 Rc8 31. Kg2 a6 32. Nf3 Rxc1 33. Rxc1
Rd8 34. Ne5 f6 35. Ng4 Rd6 36. Kf3 Rc6 37. Rxc6 Kxc6 38. Ne3 a5 39. bxa5 bxa5
40. Nxd5 Kxd5 41. Ke3 e5 42. g4 a4 43. f4 exf4+ 44. Kxf4 1/2-1/2

[Event "2LD 24/25,Jihlava A-Lanskroun"]
[Site ""]
[Date "2025.02.09"]
[Round "8.4"]
[White "Duriancik, Michal"]
[Black "Pavlis, Matej"]
[WhiteElo "1941"]
[BlackElo "2039"]
[Result "1/2-1/2"]
[PlyCount "69"]

1. d4 d5 2. c4 e6 3. Nc3 Nf6 4. cxd5 exd5 5. Bg5 Be7 6. e3 c6 7. Bd3 Nbd7 8.
Qc2 Nf8 9. Nf3 Ne6 10. Bh4 g6 11. O-O O-O 12. Rab1 Ng7 13. b4 a6 14. a4 Bf5 15.
b5 axb5 16. axb5 Bxd3 17. Qxd3 Nf5 18. Bg5 Ra3 19. Ra1 Qa5 20. Rxa3 Qxa3 21.
Bxf6 Bxf6 22. bxc6 bxc6 23. Rb1 Nd6 24. Qc2 Ra8 25. g3 Kg7 26. Rb6 Ra6 27. Rxa6
Qxa6 28. Na4 Nc4 29. Nc5 Qa1+ 30. Kg2 Qa3 31. Qb1 Be7 32. Nd7 Bd6 33. Nb6 Bb4
34. Nd7 Bd6 35. Nb6 1/2-1/2

[Event "2LD 24/25,Jihlava A-Lanskroun"]
[Site ""]
[Date "2025.02.09"]
[Round "8.5"]
[White "Zednicek, Filip"]
[Black "Mikyska, Kamil"]
[WhiteElo "2002"]
[BlackElo "1999"]
[Result "1-0"]
[PlyCount "109"]

1. e4 e5 2. Nc3 Nf6 3. f4 d6 4. Nf3 Nc6 5. Bc4 Bg4 6. d3 Nd4 7. O-O exf4 8.
Bxf4 Nxf3+ 9. gxf3 Be6 10. Bb3 Be7 11. Kh1 c6 12. Qd2 Nh5 13. Be3 Bf6 14. d4
Bh3 15. Rg1 O-O 16. f4 Kh8 17. Qe2 Nxf4 18. Bxf4 Bxd4 19. Rg3 Be6 20. Qd3 c5
21. Ne2 Bxb2 22. Rb1 Be5 23. Bxe6 fxe6 24. Bxe5 dxe5 25. Qxd8 Raxd8 26. Rd3 b6
27. Kg2 g6 28. Rbd1 Rxd3 29. Rxd3 Rf7 30. Rd6 Re7 31. Ng1 Kg7 32. Nf3 Kf6 33.
Kg3 h6 34. h4 Rc7 35. Nh2 h5 36. Nf3 Ke7 37. Rd1 Kf6 38. Rd8 Ke7 39. Rh8 Kf6
40. Ng5 Rd7 41. Rf8+ Ke7 42. Rf7+ Ke8 43. Rxd7 Kxd7 44. Kf3 Ke7 45. Ke3 b5 46.
Kd3 a6 47. Nf3 Kd6 48. Kc3 a5 49. a4 bxa4 50. Kb2 c4 51. c3 Kc5 52. Nxe5 g5 53.
hxg5 h4 54. g6 h3 55. Nf3 1-0

[Event "2LD 24/25,Jihlava A-Lanskroun"]
[Site ""]
[Date "2025.02.09"]
[Round "8.6"]
[White "Pokorny, Jiri"]
[Black "Brychta, Jan"]
[WhiteElo "2077"]
[BlackElo "2084"]
[Result "0-1"]
[PlyCount "102"]

1. e4 c5 2. c3 d5 3. exd5 Qxd5 4. d4 Nf6 5. Nf3 e6 6. a3 Nc6 7. Be2 cxd4 8.
cxd4 Be7 9. Nc3 Qd6 10. O-O O-O 11. Bg5 Rd8 12. Nb5 Qb8 13. Qc1 Nd5 14. Rd1 Bd7
15. Nc3 Nxc3 16. bxc3 f6 17. Be3 Na5 18. Rb1 Ba4 19. Re1 Qc7 20. c4 b6 21. Nd2
Rac8 22. Qb2 Bd6 23. g3 e5 24. Bg4 Bd7 25. Bxd7 Qxd7 26. Qa2 Kh8 27. Rbc1 exd4
28. Bxd4 Bf4 29. Bc3 Nxc4 30. Nxc4 Bxc1 31. Rxc1 Qd5 32. Bb4 b5 33. Qe2 Rxc4
34. Re1 h6 35. Qe3 Qd7 36. Qf3 Qc6 37. Qe3 Rc8 38. Qxa7 Re8 39. Rxe8+ Qxe8 40.
Kg2 Qe4+ 41. Kh3 Qf5+ 42. Kg2 Qd5+ 43. Kh3 h5 44. Qe7 Qf3 45. Qe8+ Kh7 46. Qd7
Qxf2 47. Qd3+ f5 48. Qd1 Rg4 49. Bd2 Qd4 50. Qc2 Qe4 51. Qc5 Rh4+ 0-1

[Event "2LD 24/25,Jihlava A-Lanskroun"]
[Site ""]
[Date "2025.02.09"]
[Round "8.7"]
[White "Brychta, David"]
[Black "Solil, Roman"]
[WhiteElo "2101"]
[BlackElo "1990"]
[Result "1/2-1/2"]
[PlyCount "81"]

1. Nf3 Nf6 2. g3 g6 3. Bg2 Bg7 4. O-O O-O 5. c4 d6 6. d4 Bg4 7. Qb3 Bc8 8. Nc3
c6 9. Rd1 Qc7 10. h3 Nbd7 11. e4 e5 12. Be3 Re8 13. Qc2 Nf8 14. Rac1 b6 15. b4
Bb7 16. c5 bxc5 17. bxc5 dxc5 18. dxe5 N6d7 19. Na4 Ne6 20. Nxc5 Nexc5 21. Bxc5
Nxe5 22. Bd6 Nxf3+ 23. Bxf3 Qa5 24. Rb1 Bc8 25. Bb4 Qg5 26. Bg2 Be6 27. a4 Rac8
28. Bc5 a5 29. Rb6 Red8 30. Rxd8+ Qxd8 31. Rb1 Rb8 32. Rxb8 Qxb8 33. Qd2 Qc7
34. f4 Bb3 35. e5 Bf8 36. Bxf8 Kxf8 37. Qc3 Qb6+ 38. Kh2 Bd5 39. Bxd5 cxd5 40.
Qc8+ Kg7 41. h4 1/2-1/2

[Event "2LD 24/25,Jihlava A-Lanskroun"]
[Site ""]
[Date "2025.02.09"]
[Round "8.8"]
[White "Ambroz, Antonin"]
[Black "Rybacek, Martin"]
[WhiteElo "1935"]
[BlackElo "1912"]
[Result "0-1"]
[PlyCount "68"]

1. d4 Nf6 2. Nf3 g6 3. g3 Bg7 4. Bg2 O-O 5. O-O d5 6. c4 c6 7. cxd5 cxd5 8. Nc3
Ne4 9. Qb3 Nxc3 10. bxc3 Nc6 11. e3 b6 12. Qa4 Bd7 13. Qd1 Rc8 14. Nd2 Bf5 15.
e4 dxe4 16. g4 Be6 17. Nxe4 Qd7 18. h3 Bd5 19. Re1 Na5 20. Qf3 Rfd8 21. Qg3 Nc4
22. Bf4 Qc6 23. Re2 b5 24. a3 a5 25. Nd2 Bxg2 26. Nxc4 Qxc4 27. Rae1 Bd5 28.
Rxe7 Be6 29. Be5 Bf8 30. Ra7 a4 31. Qf4 Bg7 32. Bxg7 Kxg7 33. Qe5+ Kg8 34. Qf6
Rd7 0-1

[Event "2LD 24/25,Lanskroun-Namest n/Osl B"]
[Site ""]
[Date "2025.02.23"]
[Round "9.1"]
[White "Vyprachticky, David"]
[Black "Hladky, Tadeas"]
[WhiteElo "2297"]
[BlackElo "2174"]
[Result "1/2-1/2"]
[PlyCount "59"]

1. c4 e5 2. Nc3 Nf6 3. Nf3 Nc6 4. e4 Bb4 5. d3 d6 6. a3 Bxc3+ 7. bxc3 O-O 8.
Be2 Ne7 9. c5 d5 10. Nxe5 dxe4 11. d4 b6 12. cxb6 axb6 13. O-O h6 14. c4 Bb7
15. Bb2 Nf5 16. Qd2 e3 17. fxe3 Ne4 18. Qd3 Qg5 19. Rxf5 Qxf5 20. Rf1 Qg5 21.
d5 Nc5 22. Qd4 Rae8 23. h4 Qg3 24. Ng4 f6 25. Rxf6 gxf6 26. Nxf6+ Rxf6 27. Qxf6
Rf8 28. Qh8+ Kf7 29. Qf6+ Kg8 30. Qh8+ 1/2-1/2

[Event "2LD 24/25,Lanskroun-Namest n/Osl B"]
[Site ""]
[Date "2025.02.23"]
[Round "9.2"]
[White "Miculka, Petr"]
[Black "Kupsa, Matej"]
[WhiteElo "1969"]
[BlackElo "2105"]
[Result "0-1"]
[PlyCount "80"]

1. e4 c5 2. c3 Nf6 3. e5 Nd5 4. d4 cxd4 5. cxd4 d6 6. Bc4 Nb6 7. Bb5+ Bd7 8. e6
fxe6 9. Bd3 g6 10. h4 Bg7 11. h5 Bc6 12. Qg4 Kd7 13. Nh3 Na6 14. Nc3 Nc7 15.
Ng5 Qg8 16. Bd2 h6 17. Nf3 gxh5 18. Qh3 Rf8 19. Ne2 Qf7 20. Nf4 Rhg8 21. Ng6
Rd8 22. Qxh5 Kc8 23. O-O-O Kb8 24. Kb1 Nbd5 25. Rc1 Rc8 26. Ba5 Nf4 27. Nxf4
Qxf4 28. Rh4 Qf6 29. Bd2 Nd5 30. Be4 e5 31. dxe5 dxe5 32. Bxd5 Bxd5 33. Nxe5
Rxc1+ 34. Bxc1 Qe6 35. Bf4 Ka8 36. Qe2 Qf5+ 37. Ka1 Bf6 38. Rg4 Rc8 39. Qd3 Be4
40. Qd7 Bxe5 0-1

[Event "2LD 24/25,Lanskroun-Namest n/Osl B"]
[Site ""]
[Date "2025.02.23"]
[Round "9.3"]
[White "Jirousek, Jan"]
[Black "Soucek, Andrej"]
[WhiteElo "2053"]
[BlackElo "2014"]
[Result "1-0"]
[PlyCount "79"]

1. e4 c5 2. Nf3 Nc6 3. Bd3 g6 4. c3 Bg7 5. Bc2 e5 6. O-O Nge7 7. d3 d6 8. Be3
O-O 9. Bb3 h6 10. d4 cxd4 11. cxd4 Bg4 12. d5 Na5 13. Bc2 Nc4 14. Bc1 Rc8 15.
Nc3 f5 16. h3 Bh5 17. Bd3 f4 18. Bxc4 Rxc4 19. Qb3 Rc5 20. Qxb7 Bxf3 21. gxf3
g5 22. Qb3 Qe8 23. Kh2 h5 24. Rg1 Qg6 25. Bd2 Kf7 26. Rg2 Rh8 27. Rag1 Bh6 28.
Na4 Rcc8 29. Qd3 Qf6 30. Nc3 Ng6 31. Rc1 Nh4 32. Rgg1 Rcg8 33. Nb5 Bf8 34. Rc7+
Be7 35. Bb4 Rb8 36. Bxd6 Rxb5 37. Rxe7+ Kg8 38. Qxb5 Nxf3+ 39. Kh1 Qxd6 40.
Qe8# 1-0

[Event "2LD 24/25,Lanskroun-Namest n/Osl B"]
[Site ""]
[Date "2025.02.23"]
[Round "9.4"]
[White "Simajchl, Adam"]
[Black "Kratky, Josef"]
[WhiteElo "1832"]
[BlackElo "2100"]
[Result "1/2-1/2"]
[PlyCount "59"]

1. d4 Nf6 2. Nc3 d6 3. Bf4 c6 4. e4 Qa5 5. Qd2 e5 6. Be3 Be7 7. dxe5 dxe5 8. f3
Be6 9. Bd3 Nbd7 10. Nd1 Qxd2+ 11. Bxd2 O-O-O 12. Bc3 Nc5 13. Nf2 Nfd7 14. b3 f6
15. Ne2 Nxd3+ 16. Nxd3 c5 17. Bd2 c4 18. Nb2 b5 19. b4 Kb7 20. c3 f5 21. exf5
Bxf5 22. Ng3 Bg6 23. Nd1 Nb6 24. Nf2 Na4 25. O-O-O a5 26. a3 axb4 27. axb4 Bd3
28. Rhe1 Bf6 29. Nge4 Kc6 30. Be3 1/2-1/2

[Event "2LD 24/25,Lanskroun-Namest n/Osl B"]
[Site ""]
[Date "2025.02.23"]
[Round "9.5"]
[White "Pokorny, Tomas"]
[Black "Zezula, Matej"]
[WhiteElo "2216"]
[BlackElo "1833"]
[Result "1/2-1/2"]
[PlyCount "58"]

1. d4 d5 2. c4 e6 3. Nc3 c5 4. cxd5 exd5 5. Nf3 Nc6 6. g3 Nf6 7. Bg2 c4 8. O-O
Be7 9. Ne5 O-O 10. Bg5 Be6 11. e3 h6 12. Bxf6 Bxf6 13. f4 Bxe5 14. fxe5 Rb8 15.
Qf3 Ne7 16. Rad1 Qa5 17. e4 Rbd8 18. Qe2 a6 19. a3 Rfe8 20. h4 b5 21. exd5 Nxd5
22. Nxd5 Bxd5 23. Bxd5 Rxd5 24. Rxf7 Qd8 25. Qf2 Rdxe5 26. Rd2 Re1+ 27. Kh2 Qd5
28. Rf8+ Rxf8 29. Qxe1 Rd8 1/2-1/2

[Event "2LD 24/25,Lanskroun-Namest n/Osl B"]
[Site ""]
[Date "2025.02.23"]
[Round "9.6"]
[White "Hladky, Mikulas"]
[Black "Duriancik, Michal"]
[WhiteElo "1807"]
[BlackElo "1941"]
[Result "1/2-1/2"]
[PlyCount "65"]

1. e4 c6 2. d4 d5 3. Nc3 dxe4 4. Nxe4 Nd7 5. Nf3 Ngf6 6. Ng3 e6 7. Bd3 Bd6 8.
c4 b6 9. O-O Bb7 10. Re1 O-O 11. b3 c5 12. Be4 Nxe4 13. Nxe4 Be7 14. dxc5 Nxc5
15. Nxc5 Bxc5 16. Qe2 Qc7 17. Bb2 Rfd8 18. Rad1 a5 19. Ne5 Bd6 20. Qg4 Bf8 21.
h4 Rxd1 22. Rxd1 Rd8 23. Re1 Rd2 24. Bc3 Rc2 25. Ba1 Rxa2 26. Bd4 Bc5 27. Bxc5
Qxc5 28. Qf4 Qc7 29. Rd1 f6 30. Rd7 Qxe5 31. Qxe5 fxe5 32. Rxb7 a4 33. bxa4
 1/2-1/2

[Event "2LD 24/25,Lanskroun-Namest n/Osl B"]
[Site ""]
[Date "2025.02.23"]
[Round "9.7"]
[White "Pokorny, Jiri"]
[Black "Stavova, Marketa"]
[WhiteElo "2077"]
[BlackElo "1617"]
[Result "1-0"]
[PlyCount "77"]

1. e4 e5 2. Nf3 Nc6 3. d4 exd4 4. Bc4 Nf6 5. e5 d5 6. Bb5 Ne4 7. Nxd4 Bd7 8.
Bxc6 Bxc6 9. Nxc6 bxc6 10. O-O Be7 11. Be3 O-O 12. f3 Ng5 13. f4 Ne4 14. Nd2
Nxd2 15. Qxd2 c5 16. c3 c6 17. Qf2 Qa5 18. f5 f6 19. exf6 Rxf6 20. Rae1 Rf7 21.
Bf4 Qd8 22. g4 Qd7 23. Qe3 Bh4 24. Re2 Re7 25. Qf3 Rxe2 26. Qxe2 Re8 27. Qg2
Re4 28. Bg3 Bxg3 29. Qxg3 Qe7 30. g5 Re3 31. Qb8+ Kf7 32. f6 gxf6 33. gxf6 Qd7
34. Qf4 Re4 35. Qb8 Re3 36. Kh1 d4 37. c4 Re8 38. Qf4 Rg8 39. Qh6 1-0

[Event "2LD 24/25,Lanskroun-Namest n/Osl B"]
[Site ""]
[Date "2025.02.23"]
[Round "9.8"]
[White "Kukla, Antonin"]
[Black "Solil, Roman"]
[WhiteElo "1487"]
[BlackElo "1990"]
[Result "1-0"]
[PlyCount "59"]

1. e4 c5 2. Nf3 d6 3. d4 cxd4 4. Nxd4 Nf6 5. Nc3 g6 6. Be3 Bg7 7. f3 O-O 8. Qd2
Nc6 9. Be2 Bd7 10. O-O-O Rc8 11. Kb1 Ne5 12. h4 a6 13. g4 b5 14. a3 Nc4 15.
Bxc4 Rxc4 16. h5 e6 17. Nb3 Ne8 18. Bh6 Bxh6 19. Qxh6 g5 20. f4 f6 21. Nd2 Rc5
22. e5 d5 23. Nf3 gxf4 24. g5 fxe5 25. g6 Nf6 26. g7 Rf7 27. Rdg1 Qe7 28. Rg6
Ne8 29. Ng5 Nf6 30. Nxf7 1-0

[Event "2LD 24/25,Policka-Jihlava A"]
[Site ""]
[Date "2025.02.23"]
[Round "9.1"]
[White "Cerveny, Petr"]
[Black "Rybackova, Lucie"]
[WhiteElo "2264"]
[BlackElo "2113"]
[Result "1-0"]
[PlyCount "101"]

1. Nf3 Nf6 2. g3 g6 3. b3 Bg7 4. Bb2 O-O 5. Bg2 d5 6. c4 c5 7. cxd5 Qxd5 8. O-O
Qf5 9. d3 Nc6 10. Nbd2 Be6 11. Rc1 Rac8 12. h3 Nd7 13. g4 Qf4 14. Bxg7 Kxg7 15.
e3 Qb8 16. Ne4 Nce5 17. Nfg5 Bd5 18. d4 Bxe4 19. Nxe4 cxd4 20. Qxd4 Nf6 21. f4
Nc6 22. Qb2 Kg8 23. Nxf6+ exf6 24. Qxf6 Nb4 25. h4 Rxc1 26. Rxc1 Re8 27. h5 Qd8
28. Qxd8 Rxd8 29. a3 Nc6 30. h6 Rd6 31. Bxc6 bxc6 32. Kf2 Kf8 33. Ke2 Ke7 34.
Rc5 f6 35. b4 Kd8 36. Ra5 Rd7 37. Ra6 Rc7 38. Kd3 Kc8 39. Ra5 Rd7+ 40. Ke2 Re7
41. Rc5 Kb7 42. Kf3 Rd7 43. g5 fxg5 44. Rxg5 Kb6 45. Re5 Rf7 46. Kg4 Rd7 47.
Kg5 Rd3 48. Kf6 Rxa3 49. Kg7 Rb3 50. Kxh7 Rxb4 51. Kxg6 1-0